|
|
|
|
| LEADER |
01968nam a2200325 a 4500 |
| 001 |
0018624 |
| 003 |
BD-DhAAL |
| 008 |
090618s2004 maua b 001 0 eng d |
| 010 |
|
|
|a 2003067452
|
| 020 |
|
|
|a 1580534902 (alk. paper)
|
| 040 |
|
|
|a DLC
|c DLC
|d DLC
|d BD-DhAAL
|
| 082 |
0 |
0 |
|a 384.51
|2 22
|
| 100 |
1 |
|
|a Elbert, Bruce R.
|9 58776
|
| 245 |
1 |
4 |
|a The satellite communication applications handbook /
|c Bruce R. Elbert.
|
| 250 |
|
|
|a Second edition.
|
| 260 |
|
|
|a Boston :
|b Artech House,
|c 2004.
|
| 300 |
|
|
|a xvii, 532 p. :
|b ill. ;
|c 26 cm
|
| 490 |
1 |
|
|a Artech House space technology and applications library.
|
| 504 |
|
|
|a Includes bibliographical references and index.
|
| 526 |
|
|
|a EEE
|x Md Sayeed Salam
Department of Electrical and Electronic Engineering
BRAC University
Course Name : Satellite Communications (EEE 447)
|
| 541 |
1 |
|
|e 0018624, 0020206
|a Trim Education
|
| 650 |
|
0 |
|a Artificial satellites in telecommunication.
|9 58777
|
| 830 |
|
|
|a Artech House space technology and applications library
|9 58778
|
| 852 |
4 |
|
|a Ayesha Abed Library
|c General Stacks
|
| 942 |
|
|
|2 ddc
|c BK
|
| 999 |
|
|
|c 1886
|d 1886
|
| 952 |
|
|
|0 0
|1 0
|2 ddc
|4 0
|6 384_510000000000000_ELB_2004
|7 0
|9 1729
|a BRACUL
|b BRACUL
|c GEN
|d 2009-06-29
|l 0
|o 384.51 ELB
|p 3010018624
|r 2009-06-29
|t 1
|w 2009-06-29
|y BK
|
| 952 |
|
|
|0 0
|1 0
|2 ddc
|4 0
|6 384_510000000000000_ELB_2004
|7 0
|9 9434
|a BRACUL
|b BRACUL
|c GEN
|d 2010-04-25
|l 1
|m 10
|o 384.51 ELB
|p 3010020167
|r 2017-07-15
|s 2014-01-21
|t 3
|w 2010-04-25
|y BK
|
| 952 |
|
|
|0 0
|1 0
|2 ddc
|4 0
|6 384_510000000000000_ELB_2004
|7 0
|9 10172
|a BRACUL
|b BRACUL
|c GEN
|d 2010-05-16
|e Trim Education
|g 12999.00
|l 1
|o 384.51 ELB
|p 3010020206
|r 2016-11-30
|s 2016-06-28
|t 4
|w 2010-05-16
|y BK
|x Requisitioned by Md Sayeed Salam (Department of Electrical and Electronic Engineering) BRAC University for the course named - "Satellite Communications (EEE 447)".
|
| 952 |
|
|
|0 0
|1 0
|2 ddc
|4 0
|6 384_510000000000000_ELB_2004
|7 0
|9 10768
|a BRACUL
|b BRACUL
|c GEN
|d 2010-06-09
|l 1
|m 14
|o 384.51 ELB
|p 3010018625
|r 2017-11-06
|s 2017-07-30
|t 2
|w 2010-06-09
|y BK
|